[Event "Duisburg SBDU-ch"]
[Site "Duisburg Wohndorf Laar"]
[Date "2008.10.10"]
[Round "3"]
[White "Hufnagel, Markus"]
[Black "Bajonczak, Helmut"]
[Result "1/2-1/2"]
[WhiteElo "1298"]
[BlackElo "1269"]
[PlyCount "43"]
[EventDate "2008.09.05"]
[EventType "swiss"]
[EventRounds "7"]
[EventCountry "GER"]
[SourceTitle "EXT 2018"]
[Source "ChessBase"]
[SourceDate "2017.10.13"]
[SourceVersion "1"]
[SourceVersionDate "2017.10.13"]
[SourceQuality "1"]

1. d4 d5 2. e3 Nf6 3. Nf3 g6 4. c4 c6 5. Nc3 Bg7 6. Be2 0-0 7. 0-0 Qc7 8. b3 Nbd7 9. Bd3 Re8 10. Ne2 e5 11. dxe5 Nxe5 12. Nxe5 Qxe5 13. Bd2 Ne4 14. Rb1 Nxd2 15. Qxd2 Be6 16. f4 Qh5 17. Ng3 Qh6 18. Rbe1 f5 19. Qb4 b6 20. Rf3 Bf8 21. Qc3 a5 22. Qc2 1/2-1/2